000 01075nam a22003017a 4500
001 BR7200370
003 BR-BrBNA
005 20230928083756.0
007 ta
008 230509b bl.||||| |||| 00| 0 por d
040 _aBR-BrBNA
_bpor
_cBiblioteca Nacional de Agricultura
041 _a(Por)
072 _aE30; E50; D10
_b/G514
090 _ E30 BR7200370
110 1 _aServico Federal de Habitacao e Urbanismo, Rio de Janeiro, GB (Brasil)
_99342
245 1 _aRelatorio preliminar de desenvolvimento local integrado do municipio de Grao Mogol - Minas Gerais [Desenvolvimento social; Desenvolvimento economico; Administracao publica; Brasil]
260 3 _aRio de Janeiro, GB (Brasil):
_c1972.
300 _a127 p.
500 _a12 ref.; 5 Maps, scale 1:2,000, 4 Maps, scale 1:1,000,000
650 _aPolitica de desenvolvimento
650 _aSociologia rural
650 _aAdministracao publica
650 _aDesenvolvimento social
650 _aDesenvolvimento economico
650 _aMinas Gerais
909 _a202309
_bLucia
_c55
_dLucia Elande
942 _cBK
999 _c15176
_d15176